The Routledge Companion to Philosophy of Physics.
Tallennettuna:
| Muut tekijät: | , |
|---|---|
| Aineistotyyppi: | Tuntematon |
| Julkaistu: |
New York, USA; London, United Kingdom:
Routledge Taylor & Francis Group,
2022.
|
| Sarja: | Routledge Philosophy Companion.
|
| Aiheet: | |
| Tagit: |
Lisää tagi
Ei tageja, Lisää ensimmäinen tagi!
|
MARC
| LEADER | 00000 a2200000 4500 | ||
|---|---|---|---|
| 003 | CL-VaPUC | ||
| 005 | 20221004105131.0 | ||
| 008 | 220908T2022 ||||| |||| 00| 0 eng d | ||
| 999 | |c 434843 |d 434841 | ||
| 020 | |a 978-1-138-65307-8 (hbk) | ||
| 040 | |c Pontificia Universidad Católica de Valparaíso | ||
| 082 | |2 22 |a 530.01 KNO 2022 | ||
| 100 | |a Knox, Eleanor |9 867191 |e editor | ||
| 245 | |a The Routledge Companion to Philosophy of Physics. | ||
| 260 | |a New York, USA; |a London, United Kingdom: |b Routledge Taylor & Francis Group, |c 2022. | ||
| 300 | |a xviii, 768 páginas. | ||
| 490 | |a Routledge Philosophy Companion. | ||
| 583 | |k Sebastián Perez |c 20220908 | ||
| 650 | 0 | |9 227844 |a Física |x Filosofía |x Estado del arte |z XXI | |
| 650 | 0 | |9 876563 |a Filósofos contemporáneos |x Teorías físicas |x Estado del arte |z XXI | |
| 700 | |a Wilson, Alastair |e editor |9 876442 | ||
| 942 | |2 ddc |c BK | ||
| 952 | |0 0 |1 0 |2 ddc |4 0 |6 530_010000000000000_KNO_2022 |7 0 |8 A |9 586640 |a BIBEDU |b BIBEDU |c GEN |d 2022-09-08 |e 74 |g 276816.00 |i 5654599 |l 14 |m 2 |o 530.01 KNO 2022 |p 5654599 |r 2024-07-04 |s 2024-05-30 |t 1 |v 276816.00 |w 2022-09-08 |y BK |k FIL | ||